000
00229 a2200109 4500
001
12575
090
_c
9586
_d
9586
100
_a
Rowe,B.H
245
_a
Power to Fly: an engineer,s life
260
_a
NY
_b
AIAA
_c
2004
300
_a
xiii, 207 p
942
_a
NUST-CAE
999
_c
247648
_d
247648